000 00623nam a2200193 a 4500
001 000036563
005 20200930075811.0
008 120120s1991 ck d 000 0 spa d
020 _a9589042953
040 _aDO-SdBNP
_bspa
_cBNPHU
082 _axxx
_bC874m
100 1 _aCowell, Donald W.
_962827
240 1 3 _aThe marketing of services
_lespañol
245 1 0 _aMercadeo de servicios :
_bUn nuevo enfoque: Del operativo al perceptivo /
_cDonald W. Cowell.
260 _aBogotá, Colombia :
_bFondo editorial,
_c1991.
300 _aix, 354 p. :
_bdiagrs. ;
_c24 cm.
490 1 _aEmpresarial
830 0 _aEmpresarial
_962828
999 _c36054
_d36054